000 00894cab a2200229 4500
001 WB2643-10
008 090401t1990 xxu||||| |||| 00| 0 eng d
035 _a(Sirsi) u9174
041 _aeng
245 _aIrish property yields compare well compared to other EC countries
260 _c1990
350 _a0
490 _aIrish Times
_v31/10/90 p27
520 _aAccording to Jones Lang Wootton `s European investment report for Summer 1990 which analyses prime investment yields in Europe, office yields in France and Germany are amongst the lowest in Europe with London `s West End showing the highest level in capital values . Irish retail and office yields compare very favourably with the rest of Europe.
650 _a1992
650 _aECU
650 _aOFFICE RENTS
650 _aSINGLE MARKET
690 _aPROPERTY-COMMERCIAL PROPERTY
942 _n0
948 _c04/03/1997
999 _c5692
_d5692